000 00661nam a2200205Ia 4500
999 _c39258
_d39258
001 5844
003 GE_BSU
005 20190917153916.0
008 181216s1971||||ge |||||||||||||| ||geo||
040 _cGE_BSU
041 _ageo
080 _a821.353.1-1 ა-66
100 _aანთაძე, ც.
_94064
245 _aლექსები /
_cც. ანთაძე ; რედ. შ. ზოიძე.
264 _aბათუმი :
_bსაბჭოთა აჭარა ;
_c1971.
300 _a58 გვ. ;
_c16 სმ.
653 _aლექსები
700 _aზოიძე, შ.
_eრედაქტორი
_92577
942 _cBK
_2udc